Online
Catalog

Wagner / (Record no. 23453)

MARC details
000 -CABECERA
campo de control de longitud fija 00762nam a2200229 a 4500
001 - NÚMERO DE CONTROL
campo de control 000023957
005 - FECHA Y HORA DE LA ÚLTIMA TRANSACCIÓN
campo de control 20250603102625.0
008 - DATOS DE LONGITUD FIJA--INFORMACIÓN GENERAL
campo de control de longitud fija 110117s1977 sp ac 000 0 spa d
020 ## - NÚMERO INTERNACIONAL ESTÁNDAR DEL LIBRO
Número Internacional Estándar del Libro 8423953203
040 ## - FUENTE DE LA CATALOGACIÓN
Centro catalogador/agencia de origen DO-SdBNP
Lengua de catalogación spa
Centro/agencia transcriptor BNPHU
082 ## - NÚMERO DE LA CLASIFICACIÓN DECIMAL DEWEY
Número de clasificación 927.8
Número de documento/Ítem W132G, 1977
049 ## - FONDOS LOCALES (OCLC)
Fondos de biblioteca BNPHU
100 1# - ENTRADA PRINCIPAL--NOMBRE DE PERSONA
Nombre de persona Gauthier, André,
Fechas asociadas al nombre 1918-2003.
9 (RLIN) 49265
245 10 - MENCIÓN DE TÍTULO
Título Wagner /
Mención de responsabilidad, etc. André Gauthier ; traducción del francés por Felipe Ximénez de Sandoval.
250 ## - MENCIÓN DE EDICIÓN
Mención de edición 2a ed.
260 ## - PUBLICACIÓN, DISTRIBUCIÓN, ETC.
Lugar de publicación, distribución, etc. Madrid, (España) :
Nombre del editor, distribuidor, etc. Espasa-Calpe,
Fecha de publicación, distribución, etc. 1977.
300 ## - DESCRIPCIÓN FÍSICA
Extensión 123, [2] p. :
Otras características físicas il., retrs. ;
Dimensiones 18 cm.
504 ## - NOTA DE BIBLIOGRAFÍA, ETC.
Nota de bibliografía, etc. Incluye referencias bibliográficas:
600 14 - PUNTO DE ACCESO ADICIONAL DE MATERIA--NOMBRE DE PERSONA
Nombre de persona WAGNER, RICHARD
Fechas asociadas al nombre 1813-1883
9 (RLIN) 45739
650 #0 - PUNTO DE ACCESO ADICIONAL DE MATERIA--TÉRMINO DE MATERIA
Término de materia o nombre geográfico como elemento de entrada Músicos
9 (RLIN) 45195
700 1# - PUNTO DE ACCESO ADICIONAL--NOMBRE DE PERSONA
Nombre de persona Ximénez de Sandoval, Felipe,
Término indicativo de función/relación tr.
9 (RLIN) 19335
Holdings
Estado de retiro Estado de pérdida Restricciones de uso No para préstamo Código de colección Localización permanente Ubicación/localización actual Ubicación en estantería Fecha de adquisición Número de inventario Total de préstamos Signatura topográfica completa Código de barras Fecha visto por última vez Precio válido a partir de Tipo de ítem Koha
        Monografías: Libros y Folletos General General En catalogación 17.01.2011 LF1   927.8 W132G, 1977 23957-10 25.06.2020 25.06.2020 Préstamo en sala
        Monografías: Libros y Folletos General General Orden iniciada 17.04.2017 LF1   927.8 W132G, 1977 23957-20 25.06.2020 25.06.2020 No se presta

Powered by Koha